Taylor Swift Songs 1989 Sudden Death - Statistics

General Stats
  • This quiz has been taken 50 times
  • The average score is 9 of 11
Answers on the Grid
Answers color-coded by a green-red scale on the quiz's grid according to % correct below.
Out Of The Woods
I Know Places
I Wish You Would
Style
Wildest Dreams
Wonderland
All You Had To Do Is Stay
Clean
End Game
Getaway Car
Fearless
Shake It off
Midnight Rain
Cold As You
This Love
Bad Blood
Karma
22
Begin Again
State Of Grace
 
Answer Stats
Answer % Correct
Wildest Dreams
88%
Out Of The Woods
85%
Style
85%
All You Had To Do Is Stay
83%
Bad Blood
80%
Clean
80%
I Know Places
80%
I Wish You Would
78%
Shake It off
78%
Wonderland
78%
This Love
76%
No matching quizzes found
Score Distribution
Percent of People with Each Score
Percentile by Number Answered
Your Score History
You have not taken this quiz